[Event "Oslo op"]
[Site "Fornebu"]
[Date "2017.09.30"]
[Round "2"]
[White "Roque Sola, Andrea"]
[Black "Garcia, Megan Alyssa"]
[Result "1/2-1/2"]
[WhiteElo "1900"]
[BlackElo "1646"]
[PlyCount "158"]
[EventDate "2017.09.29"]
[EventType "swiss"]
[EventRounds "10"]
[EventCountry "NOR"]
[SourceTitle "CBM 181 Extra"]
[Source "ChessBase"]
[SourceDate "2017.12.12"]
[SourceVersion "1"]
[SourceVersionDate "2017.12.12"]
[SourceQuality "1"]

1. c4 e5 2. g3 d5 3. Bg2 Nf6 4. cxd5 Bc5 5. Nc3 0-0 6. d3 Bb4 7. e4 c6 8. dxc6 Nxc6 9. Nge2 Bg4 10. 0-0 Nd4 11. f3 Bc5 12. Kh1 Bd7 13. Bg5 h6 14. Bxf6 Qxf6 15. Nd5 Qd8 16. b4 Bb6 17. Nec3 Bc6 18. a4 Bxd5 19. Nxd5 a5 20. b5 Bc5 21. f4 f6 22. fxe5 fxe5 23. Qg4 Qd6 24. Ne3 Nb3 25. Nc4 Qe7 26. Rab1 Rxf1+ 27. Rxf1 Rd8 28. Qd1 Nd4 29. Nxa5 Ra8 30. Nb3 Rf8 31. Rxf8+ Qxf8 32. Nxc5 Qxc5 33. Bh3 b6 34. Kg2 Qc3 35. Bd7 Qb2+ 36. Kh3 Qf2 37. Bg4 Kh7 38. Qh1 Kh8 39. Qg2 Qf6 40. Qg1 Kh7 41. Kg2 g6 42. Qf2 Qe7 43. h4 h5 44. Bd1 Kg7 45. Qd2 Qd6 46. Qc3 Kf6 47. g4 hxg4 48. Bxg4 Kg7 49. Qc8 Qf6 50. Qd7+ Kh8 51. h5 gxh5 52. Qe8+ Kg7 53. Qxh5 Qf4 54. Be2 Qf6 55. Qg4+ Kf8 56. Kh3 Qf2 57. Qc8+ Kg7 58. Qd7+ Kf8 59. Qd6+ Kg8 60. Qd8+ Kg7 61. Qe7+ Kg8 62. Qe8+ Kh7 63. Qh5+ Kg8 64. Qg4+ Kf7 65. Qh5+ Kg8 66. Qg5+ Kf8 67. Bh5 Qf1+ 68. Kh2 Qf2+ 69. Kh3 Qf1+ 70. Qg2 Qxd3+ 71. Kh2 Qc4 72. Qf2+ Ke7 73. Qh4+ Ke6 74. Bg4+ Kf7 75. Qh7+ Kf6 76. Qh8+ Kg5 77. Qg7+ Kf4 78. Bf5 Qe2+ 79. Kh3 Qh5+ 1/2-1/2

[Event "Oslo op"]
[Site "Fornebu"]
[Date "2016.09.30"]
[Round "6"]
[White "Vitenberg, Noam Aviv"]
[Black "Garcia, Megan Alyssa"]
[Result "1-0"]
[WhiteElo "1712"]
[BlackElo "1569"]
[PlyCount "63"]
[EventDate "2016.09.30"]
[EventType "swiss"]
[EventRounds "9"]
[EventCountry "NOR"]
[SourceTitle "EXT 2018"]
[Source "ChessBase"]
[SourceDate "2017.10.13"]
[SourceVersion "1"]
[SourceVersionDate "2017.10.13"]
[SourceQuality "1"]

1. d4 d5 2. c4 e6 3. Nc3 Nf6 4. Bg5 Be7 5. e3 c6 6. Nf3 Nbd7 7. Bd3 dxc4 8. Bxc4 b5 9. Bd3 Bb7 10. 0-0 0-0 11. Rc1 h6 12. Bh4 g5 13. Bg3 Rc8 14. Ne5 Kg7 15. f4 b4 16. Ne4 Nxe4 17. Bxe4 Nxe5 18. fxe5 Ba6 19. Rf2 c5 20. Rfc2 Qb6 21. b3 Rfd8 22. Bf2 Bb5 23. Qg4 Rc7 24. h4 Rdc8 25. hxg5 hxg5 26. Bh4 Kh6 27. Rf2 cxd4 28. Rxf7 Rxc1+ 29. Kh2 Rh8 30. Bxg5+ Bxg5 31. Qh3+ Bh4 32. Qxh4# 1-0

[Event "EU-ch U16 Girls 26th"]
[Site "Prague"]
[Date "2016.08.24"]
[Round "6"]
[White "Garcia, Megan Alyssa"]
[Black "Espinosa Cancino, Monica"]
[Result "1/2-1/2"]
[WhiteElo "1592"]
[BlackElo "1682"]
[PlyCount "47"]
[EventDate "2016.08.18"]
[EventType "swiss"]
[EventRounds "9"]
[EventCountry "CZE"]
[SourceTitle "CBM 174 Extra"]
[Source "ChessBase"]
[SourceDate "2016.10.10"]
[SourceVersion "1"]
[SourceVersionDate "2016.10.10"]
[SourceQuality "1"]

1. e4 c5 2. c3 Nf6 3. e5 Nd5 4. d4 cxd4 5. cxd4 Nc6 6. Nf3 d6 7. Bc4 dxe5 8. dxe5 Nb6 9. Qxd8+ Nxd8 10. Bb3 e6 11. 0-0 Bd7 12. Nc3 Bc6 13. Nd4 Bb4 14. Be3 Bxc3 15. bxc3 Nd7 16. f4 0-0 17. Nxc6 Nxc6 18. Rad1 Rfd8 19. Rd6 Nf8 20. Rfd1 Rdc8 21. c4 Ne7 22. g4 b6 23. Rc1 Rc7 24. Rcd1 1/2-1/2

[Event "EU-ch U16 Girls 26th"]
[Site "Prague"]
[Date "2016.08.18"]
[Round "1"]
[White "Pasoglou, Ekaterini"]
[Black "Garcia, Megan Alyssa"]
[Result "1-0"]
[WhiteElo "1938"]
[BlackElo "1592"]
[PlyCount "83"]
[EventDate "2016.08.18"]
[EventType "swiss"]
[EventRounds "9"]
[EventCountry "CZE"]
[SourceTitle "CBM 174 Extra"]
[Source "ChessBase"]
[SourceDate "2016.10.10"]
[SourceVersion "1"]
[SourceVersionDate "2016.10.10"]
[SourceQuality "1"]

1. Nf3 Nf6 2. d4 d5 3. e3 e6 4. Bd3 Bd6 5. b3 0-0 6. Bb2 c5 7. Nbd2 cxd4 8. exd4 Nc6 9. a3 a5 10. 0-0 h6 11. Re1 Nd7 12. c4 b6 13. cxd5 exd5 14. Rc1 Ne7 15. Nf1 Nf6 16. Ne5 Ba6 17. Bb1 Bxf1 18. Kxf1 Rc8 19. Qf3 Ne4 20. Bxe4 dxe4 21. Qxe4 Bxe5 22. dxe5 Qd2 23. Qe2 Qxe2+ 24. Kxe2 Ng6 25. Kf1 Nf4 26. Rcd1 Rcd8 27. Ba1 Rxd1 28. Rxd1 Rc8 29. g3 Ne6 30. Ke2 Kf8 31. f4 Ke7 32. Ke3 Rc2 33. Rd2 Rxd2 34. Kxd2 Nc5 35. Kc3 Ne4+ 36. Kd3 Nc5+ 37. Kc4 Nd7 38. Bd4 Kd8 39. Kb5 Kc7 40. f5 Kc8 41. e6 fxe6 42. fxe6 1-0

[Event "NOR-ch U16-A"]
[Site "Oslo"]
[Date "2015.07.11"]
[Round "9"]
[White "Garcia, Megan Alyssa"]
[Black "Bo, Torgeir H"]
[Result "1-0"]
[WhiteElo "1370"]
[BlackElo "1354"]
[PlyCount "79"]
[EventDate "2015.07.04"]
[EventType "swiss"]
[EventRounds "9"]
[EventCountry "NOR"]
[SourceTitle "EXT 2017"]
[Source "ChessBase"]
[SourceDate "2016.10.25"]
[SourceVersion "1"]
[SourceVersionDate "2016.10.25"]
[SourceQuality "1"]

1. e4 a6 2. Nf3 b5 3. Be2 Bb7 4. d3 e6 5. Nbd2 Nf6 6. e5 Nd5 7. Ne4 c5 8. 0-0 Qc7 9. b3 Nc6 10. Bb2 h5 11. Qd2 0-0-0 12. c4 Nb6 13. cxb5 axb5 14. Rfc1 d6 15. exd6 Bxd6 16. Nxd6+ Qxd6 17. Qg5 f5 18. Qe3 Nd7 19. Ng5 Qe7 20. Nxe6 Rde8 21. Nf4 Qxe3 22. fxe3 Rxe3 23. Kf2 Rhe8 24. Bxh5 Nce5 25. Bxe8 Ng4+ 26. Kf1 g5 27. Bxd7+ Kxd7 28. h3 Nh2+ 29. Kf2 gxf4 30. Re1 Rg3 31. Rg1 Re3 32. Rae1 Rg3 33. Be5 Bxg2 34. Rxg2 Rf3+ 35. Kg1 Rxh3 36. Rxh2 Rxd3 37. Bxf4 c4 38. Rd2 Kc6 39. Rxd3 cxd3 40. Rd1 1-0

[Event "NOR-ch U20 Girls"]
[Site "Sandnes"]
[Date "2015.02.13"]
[Round "6"]
[White "Garcia, Megan Alyssa"]
[Black "Greibrokk, Ingrid Andrea"]
[Result "1/2-1/2"]
[WhiteElo "1285"]
[BlackElo "1717"]
[PlyCount "58"]
[EventDate "2015.02.13"]
[EventType "swiss"]
[EventRounds "6"]
[EventCountry "NOR"]
[SourceTitle "EXT 2017"]
[Source "ChessBase"]
[SourceDate "2016.10.25"]
[SourceVersion "1"]
[SourceVersionDate "2016.10.25"]
[SourceQuality "1"]

1. e4 c5 2. Nf3 d6 3. Nc3 g6 4. Bc4 Bg7 5. d3 e6 6. 0-0 Ne7 7. a3 Nbc6 8. h3 0-0 9. Ne2 b6 10. Nf4 d5 11. exd5 Nxd5 12. Nxd5 exd5 13. Bb5 Bb7 14. Bxc6 Bxc6 15. d4 Re8 16. c3 Qd7 17. Be3 c4 18. Qd2 f6 19. Rfe1 Re6 20. Bf4 Rae8 21. Rxe6 Rxe6 22. Re1 Qe7 23. Rxe6 Qxe6 24. Qe3 Qxe3 25. fxe3 Kf7 26. Bb8 a6 27. Ne1 Bf8 28. Ba7 b5 29. Bb6 Bd6 1/2-1/2

[Event "NOR-ch U20 Girls"]
[Site "Sandnes"]
[Date "2015.02.13"]
[Round "2"]
[White "Garcia, Megan Alyssa"]
[Black "Nass, Sara"]
[Result "1/2-1/2"]
[WhiteElo "1285"]
[BlackElo "1532"]
[PlyCount "124"]
[EventDate "2015.02.13"]
[EventType "swiss"]
[EventRounds "6"]
[EventCountry "NOR"]
[SourceTitle "EXT 2017"]
[Source "ChessBase"]
[SourceDate "2016.10.25"]
[SourceVersion "1"]
[SourceVersionDate "2016.10.25"]
[SourceQuality "1"]

1. e4 c5 2. Nc3 Nc6 3. f4 e6 4. Nf3 d5 5. d3 Nf6 6. e5 Nd7 7. Be2 Be7 8. 0-0 0-0 9. Qe1 f6 10. Qg3 fxe5 11. fxe5 Ncxe5 12. Bh6 Ng6 13. Bg5 Nf6 14. h4 Qd6 15. Qxd6 Bxd6 16. Nh2 Be5 17. h5 Ne7 18. Nf3 Bd6 19. h6 g6 20. Nh4 Be5 21. Nf3 Bxc3 22. bxc3 Nf5 23. Ne5 Nd7 24. Ng4 b6 25. d4 Bb7 26. Bb5 Nb8 27. Nf6+ Kh8 28. Rae1 Ba6 29. Bxa6 Nxa6 30. Rxe6 Nc7 31. Re5 cxd4 32. g4 Nd6 33. Re7 Rf7 34. Rfe1 Raf8 35. Nd7 Rxe7 36. Rxe7 Rf7 37. cxd4 Rxe7 38. Bxe7 Ne4 39. Ne5 Ne6 40. Nc6 a6 41. Ba3 Kg8 42. Bb2 Kf7 43. Nb4 Nc7 44. Kg2 g5 45. Kf3 b5 46. Bc1 Kg6 47. Nxd5 Nxd5 48. Kxe4 Nb4 49. d5 Nxc2 50. d6 Nb4 51. d7 Nc6 52. Kd5 Nd8 53. Kd6 a5 54. Kc7 Ne6+ 55. Kc8 b4 56. d8Q Nxd8 57. Kxd8 a4 58. Kc7 b3 59. axb3 axb3 60. Kc6 Kxh6 61. Kc5 Kg6 62. Kc4 h5 1/2-1/2

[Event "NOR-ch U10"]
[Site "Oslo"]
[Date "2011.11.??"]
[Round "5"]
[White "Bruaset, Eivind"]
[Black "Garcia, Megan Alyssa"]
[Result "1-0"]
[WhiteElo "1002"]
[BlackElo "1157"]
[PlyCount "97"]
[EventDate "2011.11.25"]
[EventType "swiss"]
[EventRounds "7"]
[EventCountry "NOR"]
[SourceTitle "EXT 2024"]
[Source "ChessBase"]
[SourceDate "2023.10.10"]
[SourceVersion "1"]
[SourceVersionDate "2023.10.10"]
[SourceQuality "1"]

1. d4 d5 2. c4 Bf5 3. Qb3 dxc4 4. Qxb7 Nd7 5. e4 Bg6 6. Bxc4 e5 7. dxe5 Nxe5 8. Qb5+ Qd7 9. Qxd7+ Nxd7 10. Nc3 Bb4 11. Bd5 Rd8 12. Bc6 Ne7 13. Ba4 Bxc3+ 14. bxc3 Bxe4 15. f3 Bd5 16. Be3 a6 17. Ne2 0-0 18. Kf2 Nf5 19. Bf4 Nd6 20. Rhd1 Nb6 21. Bb3 Bc4 22. Nd4 Rc8 23. Nc6 Rfe8 24. Bxd6 cxd6 25. Rxd6 Re2+ 26. Kg3 Rb2 27. Ne7+ Kf8 28. Nxc8 Nxc8 29. Rd8+ Ke7 30. Rxc8 Be6 31. Bxe6 fxe6 32. Ra8 Rb6 33. Rd1 h5 34. Rd4 g5 35. Ra4 Rc6 36. c4 h4+ 37. Kg4 Kf6 38. R8xa6 Rc5 39. R6a5 Rc8 40. Rxg5 Rh8 41. c5 Ke7 42. Ra7+ Kf6 43. c6 Rc8 44. Rc5 e5 45. c7 Ke7 46. Ra8 Rxa8 47. c8Q Rxa2 48. Qb7+ Kd6 49. Qb6+ 1-0

[Event "NOR-ch U10"]
[Site "Oslo"]
[Date "2011.11.??"]
[Round "6"]
[White "Garcia, Megan Alyssa"]
[Black "Fossan, Aleksander"]
[Result "0-1"]
[WhiteElo "1157"]
[BlackElo "926"]
[PlyCount "103"]
[EventDate "2011.11.25"]
[EventType "swiss"]
[EventRounds "7"]
[EventCountry "NOR"]
[SourceTitle "EXT 2024"]
[Source "ChessBase"]
[SourceDate "2023.10.10"]
[SourceVersion "1"]
[SourceVersionDate "2023.10.10"]
[SourceQuality "1"]

1. e4 e5 2. Nf3 Nc6 3. d4 exd4 4. Nxd4 Qh4 5. Nxc6 Qxe4+ 6. Qe2 Qxe2+ 7. Bxe2 bxc6 8. 0-0 Bc5 9. Re1 Ne7 10. Bf4 d6 11. Bd3 Be6 12. c3 0-0 13. a4 a5 14. Nd2 Rab8 15. Be3 Bxe3 16. fxe3 Rxb2 17. Red1 Nd5 18. Nc4 Rb3 19. Nxa5 Rxc3 20. Nc4 Nb4 21. Nb2 Nxd3 22. Rxd3 Rxd3 23. Nxd3 Ra8 24. Kf2 Ra5 25. Nc1 c5 26. Ke2 Bd7 27. Rb1 Kf8 28. Rb7 Rxa4 29. Rxc7 Ke7 30. Rb7 Ra1 31. Kd2 Ke6 32. Rb6 c4 33. Ne2 Rh1 34. Nf4+ Ke5 35. h3 Rh2 36. Kc3 g5 37. Nh5 Rxg2 38. Kxc4 Rh2 39. Ng3 Rxh3 40. Nf1 Rf3 41. Nh2 Rxe3 42. Rb7 Be6+ 43. Kb4 Rb3+ 44. Ka5 Rxb7 45. Ka6 Rd7 46. Nf3+ Kf4 47. Ne1 g4 48. Nd3+ Ke3 49. Nb4 g3 50. Nc2+ Kd2 51. Nd4 g2 52. Kb6 0-1